Γενικές Αρχές (Record no. 4379)
[ view plain ]
| 000 -LEADER | |
|---|---|
| fixed length control field | 01424cam a22001814a 4500 |
| 005 - ΗΜΕΡΟΜΗΝΙΑ ΚΑΙ ΩΡΑ ΤΕΛΕΥΤΑΙΑΣ ΕΝΗΜΕΡΩΣΗΣ | |
| Πεδίο ελέγχου | 20250605164144.0 |
| 008 - FIXED-LENGTH DATA ELEMENTS--GENERAL INFORMATION | |
| Πεδίο ελέγχου σταθερού μήκους | 250528s ||||||||||||||||||||||||d |
| 035 ## - SYSTEM CONTROL NUMBER | |
| System control number | 19100 |
| 040 ## - ΠΗΓΗ ΚΑΤΑΛΟΓΟΓΡΑΦΗΣΗΣ | |
| Φορέας πρωτότυπης καταλογογράφησης | MC Athens Campus Library |
| Γλώσσα καταλογογράφησης | Ελληνικά, Μοντέρνα (1453-) |
| Modifying agency | MC Athens Campus Library |
| Κανόνες περιγραφικής καταλογογράφησης | AACR2 |
| 245 1# - ΤΙΤΛΟΣ ΚΑΙ ΔΗΛΩΣΗ ΥΠΕΥΘΥΝΟΤΗΤΑΣ | |
| Τίτλος | Γενικές Αρχές |
| 260 ## - PUBLICATION, DISTRIBUTION, ETC. | |
| Name of publisher, distributor, etc. | Αντ. Ν. Σάκκουλα, |
| Date of publication, distribution, etc. | 1985 |
| 300 ## - PHYSICAL DESCRIPTION | |
| Extent | 816 |
| 520 ## - SUMMARY, ETC. | |
| Summary, etc. | Γενικές Έννοιες, Οι Πηγές του Δικαίου, Ο Κανόνας Δικαίου, Το Δικαίωμα, Διακρίσεις των Δικαιωμάτων, Άσκηση του Δικαιώματος, Προστασία του Δικαιώματος, Τα Πρόσωπα, Τα Φυσικά Πρόσωπα, Τα Νομικά Πρόσωπα, Προστασία των Προσώπων, Οι Δικαιοπραξίες, Οι Δικανικές Πράξεις, Έννοια και Λειτουργία της Δικαιοπραξίας, Είδη Δικαιοπραξιών, Προαπαιτούμενα της Δικαιοπρακτικής Ρυθμίσεως, Η Κατάρτιση της Συμβάσεως, Ακυρότητα και Ακυρωσία, Ερμηνεία της Δικαιοπραξίας, Αίρεση και Προθεσμία, Συναίνεση και Έγκριση, Αντιπροσώπευση, Ο Χρόνος στο Δίκαιο. |
| 700 1# - ΠΡΟΣΘΕΤΗ ΑΝΑΓΡΑΦΗ--ΦΥΣΙΚΟ ΠΡΟΣΩΠΟ | |
| Personal name | Σπυριδάκης Ι. Σ |
| 9 (RLIN) | 5333 |
| 942 ## - ADDED ENTRY ELEMENTS (KOHA) | |
| Koha item type | Books |
| Τύπος τεκμηρίου | Βιβλιοθήκη | Τρέχουσα τοποθεσία | Barcode | Αριθμός εισαγωγής | Ημερομηνία απόκτησης | Ταξιθετικό σύμβολο | Αριθμός αντιτύπου | Κατάσταση απόσυρσης | Κατάσταση χαμένου | Κατάσταση κατεστραμμένου | Μη δανεισμός | Σύνολο δανεισμών | Ημερομηνία τελευταίας εμφάνισης | Η τιμή ισχύει από |
|---|---|---|---|---|---|---|---|---|---|---|---|---|---|---|
| Books | MC Athens Campus Library | MC Athens Campus Library | 9780000043788 | 4039 | 05/06/2025 | 346.495 SPI | 1 | 05/06/2025 | 05/06/2025 |